Negocios atributivos "post mortem"

Detalles Bibliográficos
Autor principal: Albiez Dohrmann, Klaus Jochen
Formato: Desconocido
Publicado: Barcelona Cedecs, 1998
Colección:Derecho civil (Cedecs)
Materias:
Acceso en línea:Acceso restringido

MARC

LEADER 00000ny a22000003n 4500
005 20110616151448.0
008 A10218s1998 sp
020 |a 9788489171985 
035 |a 3262 
040 |a BUS  |d vLex 
090 |c 799  |d 799 
100 1 |a Albiez Dohrmann, Klaus Jochen 
245 1 0 |a Negocios atributivos "post mortem"  |h [Recurso electrn̤ico]  |c K. Jochen Albe̕z Dohrman 
256 |a Servicio en ln̕ea 
260 |a Barcelona  |b Cedecs,  |c 1998 
300 |a 263 p. ;  |c 23 cm 
490 1 |a Derecho Civil 
506 1 |a Contenido solo disponible en los productos indicados  |d vLex Global  |d vLex Global (Academic Edition, excluding Law Schools)  |d vLex Global (U.S. Academic Edition, Law Schools)  |d vLex Global (U.S. Academic Edition, excluding Law Schools)  |d vLex Global (Academic Edition, Law Schools) 
650 0 7 |2 Tesauro vLex  |a Contratos 
650 0 7 |2 Tesauro vLex  |a Sucesorio 
650 0 7 |2 Tesauro vLex  |a Post mortem 
650 0 7 |2 Tesauro vLex  |a Negocios jurd̕icos 
740 0 |a vLex Libros (Servicios en ln̕ea) 
830 0 |a Derecho civil (Cedecs)  
856 4 0 |z Acceso restringido  |u http://vlex.com/source/3262 
942 |c BOOK 
999 0 |a Contracts  |b Barcelona